[Event "Moscú open 2006"]
[Site "Moscu RUS"]
[Date "2006.02.06"]
[Round "9.3"]
[White "Khismatullin, Denis"]
[Black "Novikov, Stanislav"]
[Result "1/2-1/2"]
[WhiteElo "2548"]
[BlackElo "2514"]
[PlyCount "86"]
[EventDate "2006.01.29"]
[EventType "swiss"]
[EventRounds "9"]
[EventCountry "RUS"]
[Source "lmi"]
[SourceDate "2006.02.06"]

1. d4 Nf6 2. c4 d6 3. Nf3 g6 4. g3 Bg7 5. Bg2 O-O 6. O-O Nc6 7. Nc3 a6 8. h3
Rb8 9. Be3 b5 10. Nd2 Bd7 11. Rc1 e6 12. b3 b4 13. Na4 Ne7 14. g4 h5 15. f3 Nh7
16. Bf2 f5 17. gxh5 g5 18. e4 e5 19. c5 exd4 20. cxd6 cxd6 21. Nc4 d5 22. h6
Bf6 23. e5 Bh8 24. Ncb2 Bxa4 25. bxa4 Bxe5 26. f4 Bxf4 27. Qxd4 Rf6 28. Rce1
Rxh6 29. Nd3 Rbb6 30. Nxf4 gxf4 31. Qxf4 Rbe6 32. Bh4 Rhg6 33. Qxb4 Rxe1 34.
Rxe1 Nc6 35. Bxd8 Nxb4 36. Re8+ Kg7 37. Re7+ Kg8 38. Kf1 Nf6 39. Re6 Kf7 40.
Rb6 Nc2 41. Rxf6+ Rxf6 42. Bxd5+ Kg6 43. Bxf6 Ne3+ 1/2-1/2

[Event "Moscú open 2006"]
[Site "Moscu RUS"]
[Date "2006.02.06"]
[Round "9.7"]
[White "Ulko, Jaroslav"]
[Black "Aleksandrov, Aleksej"]
[Result "0-1"]
[WhiteElo "2464"]
[BlackElo "2635"]
[PlyCount "59"]
[EventDate "2006.01.29"]
[EventType "swiss"]
[EventRounds "9"]
[EventCountry "RUS"]
[Source "lmi"]
[SourceDate "2006.02.06"]

1. g3 d5 2. Bg2 e5 3. d3 c6 4. Nf3 Bd6 5. O-O Nf6 6. c4 dxc4 7. dxc4 O-O 8. Nc3
Qc7 9. Qc2 a5 10. Rd1 Na6 11. h3 h6 12. Nh4 Re8 13. Nf5 Bf8 14. g4 Be6 15. b3
Nc5 16. Be3 Rad8 17. Kh1 Kh8 18. Rxd8 Rxd8 19. g5 hxg5 20. Bxg5 Qc8 21. e4 Nd3
22. Rd1 Nf4 23. Bxf6 gxf6 24. Ne2 Rxd1+ 25. Qxd1 Nxe2 26. Qxe2 Bxf5 27. exf5
Qxf5 28. Qg4 Qc2 29. Qh5+ Kg8 30. Qg4+ 0-1

[Event "Moscú open 2006"]
[Site "Moscu RUS"]
[Date "2006.02.06"]
[Round "9.9"]
[White "Sitnikov, Anton"]
[Black "Belov, Vladimir"]
[Result "0-1"]
[WhiteElo "2411"]
[BlackElo "2582"]
[PlyCount "108"]
[EventDate "2006.01.29"]
[EventType "swiss"]
[EventRounds "9"]
[EventCountry "RUS"]
[Source "lmi"]
[SourceDate "2006.02.06"]

1. Nf3 c5 2. e4 d6 3. d4 cxd4 4. Nxd4 Nf6 5. f3 e5 6. Bb5+ Nbd7 7. Nf5 d5 8.
exd5 a6 9. Ba4 b5 10. Bb3 Nb6 11. Ne3 Bc5 12. Nc3 Bb7 13. Qd3 O-O 14. Ne4 Rc8
15. Nxc5 Rxc5 16. Bd2 Nbxd5 17. O-O-O Qc7 18. Nxd5 Nxd5 19. Kb1 a5 20. a3 a4
21. Ba2 Rc8 22. Rhe1 h6 23. Ka1 Kh8 24. g4 Nf6 25. Bc3 Rxc3 26. bxc3 e4 27.
fxe4 Nxg4 28. Rg1 Ne5 29. Qd4 f6 30. Rg3 Re8 31. Rdg1 Re7 32. Qb4 Kh7 33. Qxb5
Bxe4 34. Qxa4 f5 35. Qb3 Qd8 36. Qe6 Rxe6 37. Rxg7+ Kh8 38. Bxe6 Qf6 39. Rg8+
Kh7 40. Bb3 Nf3 41. Rd1 Qxc3+ 42. Ka2 Nd4 43. Rg3 Qc5 44. c3 Nc6 45. Rd7+ Ne7
46. a4 f4 47. Rg8 Bc6 48. Rc7 Qd6 49. Ra7 Bd5 50. Re8 Bxb3+ 51. Kb2 Kg6 52.
Rexe7 Be6 53. Reb7 Qd2+ 54. Kb1 Bf5+ 0-1

[Event "Moscú open 2006"]
[Site "Moscu RUS"]
[Date "2006.02.06"]
[Round "9.11"]
[White "Tarlev, Konstantin"]
[Black "Grigoriants, Sergey"]
[Result "1/2-1/2"]
[WhiteElo "2376"]
[BlackElo "2540"]
[PlyCount "58"]
[EventDate "2006.01.29"]
[EventType "swiss"]
[EventRounds "9"]
[EventCountry "RUS"]
[Source "lmi"]
[SourceDate "2006.02.06"]

1. e4 c5 2. Nf3 e6 3. d4 cxd4 4. Nxd4 Nf6 5. Nc3 d6 6. g3 Nc6 7. Bg2 Bd7 8. O-O
a6 9. a4 Qc7 10. Nde2 Be7 11. h3 h6 12. Be3 Rb8 13. f4 b5 14. axb5 axb5 15. Qd3
Nb4 16. Qd2 Nc6 17. Qd3 Qb7 18. Rfd1 b4 19. Na4 Qc7 20. c4 bxc3 21. Naxc3 Na5
22. e5 dxe5 23. fxe5 Qxe5 24. Kh2 Qc7 25. Bf4 e5 26. Be3 Bc6 27. Bxc6+ Nxc6 28.
Nd5 Qb7 29. Nxf6+ Bxf6 1/2-1/2

[Event "Moscú open 2006"]
[Site "Moscu RUS"]
[Date "2006.02.06"]
[Round "9.12"]
[White "Zontakh, Andrey"]
[Black "Poobesh Anand, S."]
[Result "1/2-1/2"]
[WhiteElo "2515"]
[BlackElo "2365"]
[PlyCount "44"]
[EventDate "2006.01.29"]
[EventType "swiss"]
[EventRounds "9"]
[EventCountry "RUS"]
[Source "lmi"]
[SourceDate "2006.02.06"]

1. c4 Nf6 2. Nc3 e6 3. e4 d5 4. e5 d4 5. exf6 dxc3 6. bxc3 Qxf6 7. Nf3 e5 8. d4
exd4 9. Bg5 Qe6+ 10. Be2 h6 11. Nxd4 Qd7 12. Be3 Bc5 13. O-O O-O 14. Bf3 Na6
15. Re1 c6 16. Qd2 Qc7 17. Rad1 Bd6 18. g3 Be5 19. h4 Bh3 20. Kh2 Bd7 21. Nb5
cxb5 22. Qxd7 bxc4 1/2-1/2

[Event "Moscú open 2006"]
[Site "Moscu RUS"]
[Date "2006.02.06"]
[Round "9.16"]
[White "Gagarin, Vasilij"]
[Black "Savchenko, Boris"]
[Result "1/2-1/2"]
[WhiteElo "2424"]
[BlackElo "2484"]
[PlyCount "44"]
[EventDate "2006.01.29"]
[EventType "swiss"]
[EventRounds "9"]
[EventCountry "RUS"]
[Source "lmi"]
[SourceDate "2006.02.06"]

1. d4 Nf6 2. c4 g6 3. Nc3 Bg7 4. Bg5 O-O 5. e3 c5 6. d5 b5 7. cxb5 d6 8. Nf3
Nbd7 9. e4 a6 10. bxa6 Bxa6 11. Bxa6 Rxa6 12. O-O Qa8 13. Re1 Rb8 14. Re2 h6
15. Bh4 g5 16. Bg3 Nh5 17. Qc1 Rab6 18. Rc2 Qa5 19. b3 Ra6 20. Nd2 Bd4 21. Nc4
Qb4 22. Rb1 Qb7 1/2-1/2

[Event "Moscú open 2006"]
[Site "Moscu RUS"]
[Date "2006.02.06"]
[Round "9.17"]
[White "Zakharstov, Viacheslav V"]
[Black "Shabanov, Yuri"]
[Result "1/2-1/2"]
[WhiteElo "2529"]
[BlackElo "2435"]
[PlyCount "42"]
[EventDate "2006.01.29"]
[EventType "swiss"]
[EventRounds "9"]
[EventCountry "RUS"]
[Source "lmi"]
[SourceDate "2006.02.06"]

1. d4 d5 2. c4 c6 3. Nf3 Nf6 4. Nc3 e6 5. Bg5 h6 6. Bh4 Be7 7. e3 O-O 8. Qc2
Re8 9. Rd1 Nbd7 10. a3 a6 11. h3 dxc4 12. Bxc4 Nd5 13. Bxe7 Qxe7 14. O-O Nxc3
15. Qxc3 c5 16. dxc5 Nxc5 17. b4 Na4 18. Qc2 b5 19. Bb3 Bb7 20. Bxa4 Rec8 21.
Qb3 Bd5 1/2-1/2

[Event "Moscú open 2006"]
[Site "Moscu RUS"]
[Date "2006.02.06"]
[Round "9.18"]
[White "Dvoirys, Semen I"]
[Black "Smirnov, Igor"]
[Result "1/2-1/2"]
[WhiteElo "2595"]
[BlackElo "2438"]
[PlyCount "28"]
[EventDate "2006.01.29"]
[EventType "swiss"]
[EventRounds "9"]
[EventCountry "RUS"]
[Source "lmi"]
[SourceDate "2006.02.06"]

1. e4 e5 2. Nf3 Nc6 3. Bb5 g6 4. d4 exd4 5. Nxd4 Bg7 6. Be3 Nf6 7. Nc3 O-O 8.
O-O Ng4 9. Qxg4 Nxd4 10. Bd3 d5 11. Qg3 dxe4 12. Bxe4 Re8 13. Rfe1 c5 14. Bg5
Qa5 1/2-1/2

[Event "Moscú open 2006"]
[Site "Moscu RUS"]
[Date "2006.02.06"]
[Round "9.20"]
[White "Gasanov, Eldar"]
[Black "Lysyj, Igor"]
[Result "0-1"]
[WhiteElo "2438"]
[BlackElo "2474"]
[PlyCount "35"]
[EventDate "2006.01.29"]
[EventType "swiss"]
[EventRounds "9"]
[EventCountry "RUS"]
[Source "lmi"]
[SourceDate "2006.02.06"]

1. c4 e6 2. Nc3 b6 3. Nf3 Bb7 4. e4 Bb4 5. Bd3 Ne7 6. a3 Bxc3 7. dxc3 d6 8. e5
Nd7 9. exd6 cxd6 10. O-O Qc7 11. Nd4 O-O 12. b3 a6 13. a4 h6 14. Qh5 Rfe8 15.
Ra2 Qc5 16. Qh3 Nf6 17. Re1 e5 18. Nc2 0-1

[Event "Moscú open 2006"]
[Site "Moscu RUS"]
[Date "2006.02.06"]
[Round "9.21"]
[White "Slugin, Sergey"]
[Black "Nepomniashchy, Yan"]
[Result "1-0"]
[WhiteElo "2342"]
[BlackElo "2483"]
[PlyCount "131"]
[EventDate "2006.01.29"]
[EventType "swiss"]
[EventRounds "9"]
[EventCountry "RUS"]
[Source "lmi"]
[SourceDate "2006.02.06"]

1. Nf3 Nf6 2. d4 g6 3. c4 Bg7 4. Nc3 d5 5. cxd5 Nxd5 6. e4 Nxc3 7. bxc3 c5 8.
Be3 Qa5 9. Qd2 O-O 10. Rc1 Nd7 11. Bd3 e5 12. h4 h5 13. Bh6 cxd4 14. Bxg7 Kxg7
15. cxd4 Qxd2+ 16. Kxd2 exd4 17. Nxd4 Rd8 18. Ke3 b6 19. Bb5 Nc5 20. Bc6 Rb8
21. Rhd1 Be6 22. Nxe6+ fxe6 23. e5 Kf7 24. f3 Rxd1 25. Rxd1 Rc8 26. Bb5 Ke7 27.
g4 Rh8 28. Rg1 Kf7 29. Be2 a6 30. Bd1 Nd7 31. f4 hxg4 32. Rxg4 Rc8 33. h5 gxh5
34. Rh4 Rc3+ 35. Kd4 Ra3 36. Bxh5+ Kf8 37. Rh2 Nc5 38. Rb2 Ra4+ 39. Ke3 b5 40.
Rc2 Ra3+ 41. Kd4 Nd3 42. Rc7 Nb4 43. f5 exf5 44. e6 Rd3+ 45. Ke5 Re3+ 46. Kxf5
Nd5 47. Rf7+ Kg8 48. Rd7 Nb6 49. Rd6 Nc4 50. Rxa6 Kg7 51. Ra7+ Kh6 52. Bd1 Nd6+
53. Kf6 Ne4+ 54. Ke7 Rg3 55. Rd7 Nc5 56. Rd5 Rg7+ 57. Kd6 Ne4+ 58. Ke5 Nc3 59.
Rd4 Ra7 60. Kf6 Kh7 61. Bc2+ Ne4+ 62. Bxe4+ Kh6 63. Bd3 Ra4 64. Rxa4 bxa4 65.
Bb5 a3 66. e7 1-0

[Event "Moscú open 2006"]
[Site "Moscu RUS"]
[Date "2006.02.06"]
[Round "9.23"]
[White "Gabrielian, Artur"]
[Black "Konovalov, Nikolay"]
[Result "1/2-1/2"]
[WhiteElo "2495"]
[BlackElo "2419"]
[PlyCount "69"]
[EventDate "2006.01.29"]
[EventType "swiss"]
[EventRounds "9"]
[EventCountry "RUS"]
[Source "lmi"]
[SourceDate "2006.02.06"]

1. e4 c5 2. Nf3 Nc6 3. d4 cxd4 4. Nxd4 Nf6 5. Nc3 d6 6. Bg5 e6 7. Qd2 a6 8.
O-O-O Bd7 9. f3 b5 10. Nxc6 Bxc6 11. Ne2 h6 12. Be3 Qc7 13. Nd4 Bd7 14. g4 Rc8
15. h4 e5 16. Nf5 d5 17. exd5 Nxd5 18. Bd3 g6 19. Be4 Be6 20. Kb1 Rd8 21. Ng3
Bb4 22. Qc1 Nxe3 23. Qxe3 Ke7 24. h5 Rxd1+ 25. Rxd1 Rd8 26. Bd3 Qc5 27. Qxc5+
Bxc5 28. hxg6 fxg6 29. Rh1 Bf2 30. Ne4 Be3 31. Re1 Bf4 32. Nc5 Bd5 33. Bxg6
Bxf3 34. Nd3 Kf6 35. Bh5 1/2-1/2

[Event "Moscú open 2006"]
[Site "Moscu RUS"]
[Date "2006.02.06"]
[Round "9.24"]
[White "Romanov, Evgeny"]
[Black "Pustov, Pavel"]
[Result "1-0"]
[WhiteElo "2333"]
[BlackElo "2392"]
[PlyCount "81"]
[EventDate "2006.01.29"]
[EventType "swiss"]
[EventRounds "9"]
[EventCountry "RUS"]
[Source "lmi"]
[SourceDate "2006.02.06"]

1. e4 c6 2. Nc3 d5 3. Nf3 Bg4 4. h3 Bxf3 5. Qxf3 e6 6. d3 Nd7 7. a3 g6 8. Qe2
Ne7 9. g3 Bg7 10. Bg2 O-O 11. h4 h5 12. Bg5 f6 13. Bd2 f5 14. O-O Nf6 15. exd5
exd5 16. Rae1 Re8 17. Bg5 Qd7 18. Qd2 Kh7 19. Ne2 Neg8 20. Nf4 Nh6 21. Nh3 Nf7
22. Bf4 Rxe1 23. Rxe1 Re8 24. d4 Rxe1+ 25. Qxe1 Ne4 26. c3 Bf6 27. Bf1 Qe7 28.
Qd1 Bg7 29. Bd3 Bh6 30. Kg2 Bxf4 31. Nxf4 Nf6 32. c4 dxc4 33. Bxc4 Qe4+ 34. f3
Qe7 35. Qd2 Nd6 36. Ba2 Nde8 37. Qa5 Nc7 38. Qe5 Qd8 39. Bf7 Ncd5 40. Bxg6+ Kh8
41. Nxd5 1-0